<?xml version="1.0" encoding="UTF-8"?>
<record
    xmlns:xsi="http://www.w3.org/2001/XMLSchema-instance"
    xsi:schemaLocation="http://www.loc.gov/MARC21/slim http://www.loc.gov/standards/marcxml/schema/MARC21slim.xsd"
    xmlns="http://www.loc.gov/MARC21/slim">

  <leader>00493nam a22001937a 4500</leader>
  <controlfield tag="005">20260226113624.0</controlfield>
  <controlfield tag="008">260226b        |||||||| |||| 00| 0 eng d</controlfield>
  <datafield tag="020" ind1=" " ind2=" ">
    <subfield code="a">817141351</subfield>
    <subfield code="c">700.00</subfield>
  </datafield>
  <datafield tag="040" ind1=" " ind2=" ">
    <subfield code="a">MAIN</subfield>
  </datafield>
  <datafield tag="041" ind1=" " ind2=" ">
    <subfield code="a">English</subfield>
  </datafield>
  <datafield tag="082" ind1=" " ind2=" ">
    <subfield code="a">363.7287</subfield>
    <subfield code="b">DEW</subfield>
  </datafield>
  <datafield tag="100" ind1=" " ind2=" ">
    <subfield code="a">Dewan, J. M.</subfield>
    <subfield code="9">26415</subfield>
  </datafield>
  <datafield tag="245" ind1=" " ind2=" ">
    <subfield code="a">Hazardous Waste Management </subfield>
  </datafield>
  <datafield tag="260" ind1=" " ind2=" ">
    <subfield code="a">New Delhi </subfield>
    <subfield code="b">Deep And Deep</subfield>
    <subfield code="c">1996</subfield>
  </datafield>
  <datafield tag="300" ind1=" " ind2=" ">
    <subfield code="a">285</subfield>
  </datafield>
  <datafield tag="650" ind1=" " ind2=" ">
    <subfield code="a">Environment Science</subfield>
    <subfield code="9">310</subfield>
  </datafield>
  <datafield tag="700" ind1=" " ind2=" ">
    <subfield code="a">Sudarshan, K.N.</subfield>
    <subfield code="9">26416</subfield>
  </datafield>
  <datafield tag="942" ind1=" " ind2=" ">
    <subfield code="c">BK</subfield>
  </datafield>
  <datafield tag="999" ind1=" " ind2=" ">
    <subfield code="c">60464</subfield>
    <subfield code="d">60464</subfield>
  </datafield>
  <datafield tag="952" ind1=" " ind2=" ">
    <subfield code="0">0</subfield>
    <subfield code="1">0</subfield>
    <subfield code="2">ddc</subfield>
    <subfield code="4">0</subfield>
    <subfield code="6">363_728700000000000_DEW</subfield>
    <subfield code="7">1</subfield>
    <subfield code="9">92689</subfield>
    <subfield code="a">MAIN</subfield>
    <subfield code="b">MAIN</subfield>
    <subfield code="d">2026-02-26</subfield>
    <subfield code="o">363.7287 DEW</subfield>
    <subfield code="p">53134</subfield>
    <subfield code="r">2026-02-26</subfield>
    <subfield code="w">2026-02-26</subfield>
    <subfield code="y">REF</subfield>
  </datafield>
  <datafield tag="952" ind1=" " ind2=" ">
    <subfield code="0">0</subfield>
    <subfield code="1">0</subfield>
    <subfield code="2">ddc</subfield>
    <subfield code="4">0</subfield>
    <subfield code="6">363_728700000000000_DEW</subfield>
    <subfield code="7">0</subfield>
    <subfield code="9">92690</subfield>
    <subfield code="a">MAIN</subfield>
    <subfield code="b">MAIN</subfield>
    <subfield code="d">2026-02-26</subfield>
    <subfield code="l">0</subfield>
    <subfield code="o">363.7287 DEW</subfield>
    <subfield code="p">53135</subfield>
    <subfield code="r">2026-02-26</subfield>
    <subfield code="w">2026-02-26</subfield>
    <subfield code="y">BK</subfield>
  </datafield>
  <datafield tag="952" ind1=" " ind2=" ">
    <subfield code="0">0</subfield>
    <subfield code="1">0</subfield>
    <subfield code="2">ddc</subfield>
    <subfield code="4">0</subfield>
    <subfield code="6">363_728700000000000_DEW</subfield>
    <subfield code="7">0</subfield>
    <subfield code="9">92691</subfield>
    <subfield code="a">MAIN</subfield>
    <subfield code="b">MAIN</subfield>
    <subfield code="d">2026-02-26</subfield>
    <subfield code="l">0</subfield>
    <subfield code="o">363.7287 DEW</subfield>
    <subfield code="p">53136</subfield>
    <subfield code="r">2026-02-26</subfield>
    <subfield code="w">2026-02-26</subfield>
    <subfield code="y">BK</subfield>
  </datafield>
</record>
